Sanfter Tourismus Chancen und Probleme der Realisierung eines ökologieorientierten und socialverträglichen Tourismus durch deutsche Reiseveranstalter

Gespeichert in:
Bibliographische Detailangaben
1. Verfasser: Kirstges, Torsten
Format: Buch
Sprache:Deutsch
Veröffentlicht: München Oldenbourg 1992
Ausgabe:1. Aufl.
Schlagworte:
Tags: Tag hinzufügen
Keine Tags, Fügen Sie das erste Tag hinzu!

MARC

LEADER 00000nam a2200000 4500
001 c002842
005 20221206084841.3
020 |a 3-486-22335-6 
041 0 |a ger 
044 |a DE 
245 1 0 |a Sanfter Tourismus  |b Chancen und Probleme der Realisierung eines ökologieorientierten und socialverträglichen Tourismus durch deutsche Reiseveranstalter  |c Torsten Kirstges 
250 |a 1. Aufl. 
264 1 |a München  |b Oldenbourg  |c 1992 
300 |a 155 s. 
610 2 0 |a ruch cestovný 
610 2 0 |a turistika 
610 2 0 |a ekológia 
610 2 0 |a Nemecko 
610 2 0 |a prostredie životné 
610 2 0 |a služby 
610 2 0 |a kancelárie cestovné 
610 2 0 |a čas voľný 
610 2 0 |a podmienky sociálne 
100 1 |a Kirstges, Torsten